[Event "Esbjerg Skak 100 aar 2022 - Weekend"]
[Site "Esbjerg"]
[Date "2022.10.21"]
[Round "3.7"]
[White "Skaelbaek, Noah"]
[Black "Ramsdal, Jens Albert"]
[Result "0-1"]
[WhiteElo "1819"]
[BlackElo "2318"]
[EventDate "2022.10.21"]
[EventType "swiss"]
[EventRounds "7"]
[EventCountry "DEN"]

1. e4   c5   2. c3   Nf6 
 3. e5   Nd5   4. d4   d6
  5. Nf3  
cxd4   6. cxd4   Nc6   7. Bb5 
 Qa5+   8. Nc3   Nxc3   9. Bxc6+
  bxc6   10.
bxc3   Ba6   11. Bd2   Bc4 
 12. Qc2   e6   13. exd6   Bxd6
  14. Ng5  
Be7   15. Ne4   Qa6   16. f3 
 f5   17. Ng3   O-O   18. Kf2
  Bh4   19.
f4   Rab8  
20. Rhb1   Bd3   0-1

[Event "Esbjerg Skak 100 aar 2022 - Weekend"]
[Site "Esbjerg"]
[Date "2022.10.21"]
[Round "3.8"]
[White "Hansen, Soren Moller"]
[Black "Schmidt, Tommy B"]
[Result "0-1"]
[WhiteElo "1889"]
[BlackElo "2165"]
[EventDate "2022.10.21"]
[EventType "swiss"]
[EventRounds "7"]
[EventCountry "DEN"]

1. d4   Nf6   2. c4   g6 
 3. Nc3   Bg7   4. e4   d6
  5. f3  
O-O   6. Be3   a6   7. Qd2 
 Nbd7   8. Nh3   c5   9. d5
  b5   10.
Nf2   Qa5  
11. Be2   bxc4   12. Bxc4   Rb8 
 13. Rb1   Ng4   14. fxg4   Bxc3
  15. Qxc3   Qxc3+   16. bxc3 
 Rxb1+   17. Nd1   Ne5   18. Bb3
  Bxg4   19.
Bc2   Rb7  
20. Nf2   Bd7   21. O-O   Rb2 
 22. Bb3   Bb5  23. Ra1  Bc4   24.
Nd1   Re2  
25. Bh6   Re1+   26. Kf2   Rf1+ 
 27. Kg3   Rb8   28. Rb1   Be2
  29. Bg5  
c4   30. Bc2   Rxb1   31. Bxb1 
Rxd1   32. Bc2  Rd3+   33. Bxd3   cxd3
  34. Kf2  
f6   35. Be3   Kf7   36. Ke1 
 e6   0-1

[Event "Esbjerg Skak 100 aar 2022 - Weekend"]
[Site "Esbjerg"]
[Date "2022.10.22"]
[Round "4.1"]
[White "Easwaralingam, Adesh"]
[Black "Pedersen, Nicolai Vesterbaek"]
[Result "1/2-1/2"]
[WhiteElo "2161"]
[BlackElo "2367"]
[EventDate "2022.10.21"]
[EventType "swiss"]
[EventRounds "7"]
[EventCountry "DEN"]

1. e4 Nc6 2. Nf3   d6  3. d4
 Nf6   4. Bd3   Bg4   5. c3
  e6   6.
Nbd2   Be7   7. a4   a5 
 8. O-O   O-O   9. Qb3   Qc8
  10. h3  
Bh5   11. Qc2   e5   12. dxe5 
 dxe5   13. Nh4   Rd8   14. Nf5
  Bg6   15.
Nxe7+   Nxe7   16. Nc4   Qe6 
 17. b3   Rd7   18. Bg5   Rad8
  19. Rad1   b6   20. Ne3 
 Rd6   21. Nc4   R6d7   22. Ne3
  Rd6   23.
Nc4   1/2-1/2

[Event "Esbjerg Skak 100 aar 2022 - Weekend"]
[Site "Esbjerg"]
[Date "2022.10.22"]
[Round "4.2"]
[White "Rossen, Claus"]
[Black "Boe, Mads"]
[Result "0-1"]
[WhiteElo "2105"]
[BlackElo "2299"]
[EventDate "2022.10.21"]
[EventType "swiss"]
[EventRounds "7"]
[EventCountry "DEN"]

1. e4   c6   2. Nf3   d5 
 3. exd5   cxd5   4. Ne5   Nc6
  5. d4  
Nf6   6. c3   Bf5   7. Bd3 
 Bxd3   8. Qxd3   e6   9. O-O
  Bd6   10.
Re1   Qc7  
11. f4   O-O   12. Nd2   Rab8 
 13. a4   a6   14. b4   a5
  15. b5  
Ne7   16. Bb2   Nc8   17. c4 
 dxc4   18. Ndxc4   Bb4   19. Ba3
  Nd5   20.
Bxb4   Nxb4   21. Qe2   Qd8 
 22. Red1   Ne7   23. Rac1   Rc8
  24. Qf2  
Nf5   25. g4   Nd6   26. Nxd6 
 Qxd6   27. f5   Nd5   28. fxe6
  Qxe6   29.
Qf5   Nc3  0-1

[Event "Esbjerg Skak 100 aar 2022 - Weekend"]
[Site "Esbjerg"]
[Date "2022.10.22"]
[Round "4.3"]
[White "Ramsdal, Jens Albert"]
[Black "Zander, Emil"]
[Result "0-1"]
[WhiteElo "2318"]
[BlackElo "1874"]
[EventDate "2022.10.21"]
[EventType "swiss"]
[EventRounds "7"]
[EventCountry "DEN"]

1. Nf3   d5   2. g3   Nf6 
 3. Bg2   c5   4. O-O   Nc6
  5. d4  
Bg4   6. c4   Bxf3   7. Bxf3 
 Nxd4   8. Bg2   e6   9. Nc3
  Qd7   10.
cxd5   Rd8   11. e3   Nf5 
 12. dxe6   Qxd1   13. Rxd1   Rxd1+
  14. Nxd1   b6   15. e4 
 Nd4   16. e5   Ng4   17. exf7+
  Kxf7   18.
Bd5+   Ke8   19. f4   h5 
 20. h3   Nh6   21. Ne3   h4
  22. Kg2  
hxg3   23. Bd2   Be7   24. Bc3 
 Rf8   25. Rf1   Nhf5   26. Nxf5
  Nxf5   27.
Bd2   Bh4  
28. Be4   g6   29. Bxf5   gxf5 
 30. Rd1   Ke7   31. Be1   Rc8
  32. Rd6  
Ke8   33. Bxg3   Be7   34. Rd1 
 b5   35. h4   c4   36. h5
  b4   37.
Rc1   c3  
38. bxc3   Rxc3   39. Rf1   Kf7 
 40. Rf2   Kg7   41. Rd2   Kh6
  42. Bf2  
Rc7   43. Bd4   Kxh5   44. Kf3 
 Kg6   45. e6   Rc6   46. Rg2+
  Kh6   47.
Re2   a6  
48. Be5   a5   49. Ke3   Rxe6 
 50. Kd4   Kg6   51. Kd5   Kf7
  52. Rh2  
Rg6   53. Rh7+   Ke8   54. Rh5 
 Kd7   55. Rh2   Rg1   56. Kc4
  Rc1+   57.
Kb5   Rc5+   58. Ka4   Rd5 
 59. Rh7   Ke6   60. Rh6+   Kd7
  61. Ra6  
Rd2   62. Kb3   Bd8   63. Ra7+ 
 Kc6   64. Rf7   Kb5   65. a4+
  bxa3   66.
Kxa3   Bb6   67. Kb3   a4+ 
 68. Kc3   Ba5#   69. Kd4  0-1

[Event "Esbjerg Skak 100 aar 2022 - Weekend"]
[Site "Esbjerg"]
[Date "2022.10.22"]
[Round "4.4"]
[White "Schmidt, Tommy B"]
[Black "Borsus, Bogdan"]
[Result "0-1"]
[WhiteElo "2165"]
[BlackElo "2170"]
[EventDate "2022.10.21"]
[EventType "swiss"]
[EventRounds "7"]
[EventCountry "DEN"]

1. d4   Nf6   2. c4   e6 
 3. Nf3   Bb4+   4. Bd2   Qe7
  5. g3  
Nc6   6. Nc3   Bxc3   7. Bxc3 
 Ne4   8. Rc1   O-O   9. Bg2
  d6   10.
O-O   a5  
11. Be1   Nf6   12. b3   e5 
 13. Bc3   e4   14. Ne1   d5
  15. cxd5   Nxd5   16. Bb2 
Rd8   17. a3   Bg4   18. Nc2 
 Bh5   19. Qd2  Bg6   20. Rfd1 
 Qe6   21. Ne3   Nxe3   22. Qxe3
  Ne7   23.
d5   Nxd5  
24. Qd4   f6   25. Rc4   Qe7 
 26. Rcc1   Nf4   27. Qe3   Nxg2
  28. Kxg2   b6   29. b4 
 axb4   30. Qb3+   Bf7   31. Qxb4
  Qxb4   32.
axb4   Rxd1   33. Rxd1   Bc4 
 34. Rd4   Bb5   35. Bc1   Ra2
  36. Rd8+   Kf7   37. Rc8 
 c6   38. Be3   Rb2   39. Bxb6
  Rxb4   40.
Bc5   Rc4  
41. Be3   Rc2   42. h4   Bxe2 
 43. Rb8   c5   44. Rb1   h5
  45. Rb7+   Kg6   46. Rc7 
 c4   47. Kh2   Rb2   48. g4
  hxg4   49.
Kg3   Rb5  
50. Kf4   Re5   51. Bd4   Rh5 
 52. Kg3   Rf5   53. Be3   Rf3+
  54. Kg2  
Rh3   55. Re7   0-1

[Event "Esbjerg Skak 100 aar 2022 - Weekend"]
[Site "Esbjerg"]
[Date "2022.10.22"]
[Round "4.5"]
[White "Saravana, Vedant Kumar"]
[Black "Heinemann, Guido"]
[Result "1-0"]
[WhiteElo "1869"]
[BlackElo "1893"]
[EventDate "2022.10.21"]
[EventType "swiss"]
[EventRounds "7"]
[EventCountry "DEN"]

1. e4   e5   2. Nf3   Nc6 
 3. Bc4   Nf6   4. d3   d6
  5. c3  
Na5   6. Bb5+   c6   7. Ba4 
 b5   8. Bc2   Be7   9. O-O
  O-O   10.
d4   Bg4  
11. h3   Bxf3   12. Qxf3   exd4 
 13. cxd4   c5   14. dxc5   dxc5
  15. e5  
Ne8   16. Rd1   Qc8   17. Bf5 
 Qb8   18. Be4   Nc7   19. Nc3
  Rd8   20.
Nd5   Nxd5   21. Bxd5   Rxd5 
 22. Rxd5   Nc4   23. b3   Nb6
  24. Rd1  
Qxe5   25. Rb1   1-0

[Event "Esbjerg Skak 100 aar 2022 - Weekend"]
[Site "Esbjerg"]
[Date "2022.10.22"]
[Round "4.6"]
[White "Loftgaard, Mikkel Vinh"]
[Black "Andersen, Jacob Buris"]
[Result "1-0"]
[WhiteElo "2091"]
[BlackElo "1944"]
[EventDate "2022.10.21"]
[EventType "swiss"]
[EventRounds "7"]
[EventCountry "DEN"]

1. e4   c5   2. c3   d5 
 3. exd5   Qxd5   4. d4   Nf6
  5. Nf3  
Bg4   6. Be2   e6   7. O-O 
 Be7   8. Be3   cxd4   9. Nxd4
  Bxe2   10.
Qxe2   O-O   11. Nb5   Qe5 
 12. f4   Qe4   13. Nc7   Nd5
  14. Nxd5   Qxd5   15. Nd2 
 Nd7   16. Nb3   Nf6   17. Bd4
  Rfd8   18.
f5   Ne4  
19. fxe6   Qxe6   20. Rae1   Ng5 
 21. Qh5   Qd7   22. h4   g6
  23. Qh6  
Ne6   24. Rxf7   Kxf7   25. Qxh7+ 
 Ke8   26. Qxg6+   Kf8   27. Rf1+
  1-0

[Event "Esbjerg Skak 100 aar 2022 - Weekend"]
[Site "Esbjerg"]
[Date "2022.10.22"]
[Round "4.7"]
[White "Thorsen, Adrian Stenstrop"]
[Black "Eriksson, Christian Altenburg"]
[Result "1-0"]
[WhiteElo "1934"]
[BlackElo "2160"]
[EventDate "2022.10.21"]
[EventType "swiss"]
[EventRounds "7"]
[EventCountry "DEN"]

1. e4   c5   2. b3   Nc6 
 3. Bb2   e5   4. Bc4   Nf6
  5. Nc3  
d6   6. d3   Be7   7. Nge2 
 O-O   8. O-O   Nh5   9. f4
  Nxf4   10.
Nxf4   exf4   11. Nd5   Ne5 
 12. Nxf4   Bg5   13. Bd5   Qe7
  14. d4  
cxd4   15. Qxd4   Bf6   16. Nh5 
 Nf3+   17. Rxf3   Bxd4+   18. Bxd4
  Bg4   19.
Rg3   Qh4  
20. Nxg7   h5   21. Nf5   Qg5 
 22. h3   Qd2   23. hxg4   Kh7
  24. Rh3  
f6   25. Rxh5+   Kg6   26. Be3 
 Qc3   27. Rh6#   1-0

[Event "Esbjerg Skak 100 aar 2022 - Weekend"]
[Site "Esbjerg"]
[Date "2022.10.22"]
[Round "4.8"]
[White "Pedersen, Martin Rosenkilde"]
[Black "Hansen, Aksel"]
[Result "1-0"]
[WhiteElo "2141"]
[BlackElo "1789"]
[EventDate "2022.10.21"]
[EventType "swiss"]
[EventRounds "7"]
[EventCountry "DEN"]

1. e4   c5   2. Nf3   Nc6 
 3. d4   cxd4   4. Nxd4   e5
  5. Nb5  
a6   6. Nd6+   Bxd6   7. Qxd6 
 Qb6   8. c3   Qd8   9. Be3
  Qh4   10.
Nd2   Qg4  
11. f3   Qe6   12. Nc4   Qxd6 
 13. Nxd6+   Ke7   14. Bc5   Kf6
  15. Bc4  
Nh6   16. O-O-O   Kg6   17. Rd2 
 1-0

[Event "Esbjerg Skak 100 aar 2022 - Weekend"]
[Site "Esbjerg"]
[Date "2022.10.22"]
[Round "5.1"]
[White "Boe, Mads"]
[Black "Zander, Emil"]
[Result "1-0"]
[WhiteElo "2299"]
[BlackElo "1874"]
[EventDate "2022.10.21"]
[EventType "swiss"]
[EventRounds "7"]
[EventCountry "DEN"]

1. d4  Nf6   2. Nf3   d5   3. c4
  e6   4.
Nc3   c5  
5. e3   Nc6   6. a3   dxc4 
 7. Bxc4   a6   8. dxc5   Qxd1+
  9. Kxd1  
Bxc5   10. b4   Bd6   11. Bb2 
 b5   12. Bd3   Bb7   13. Ke2
  Ke7   14.
Rhd1   Ne5   15. Nxe5   Bxe5 
 16. Nd5+   Bxd5   17. Bxe5   Nd7
  18. Bb2  
Rhc8   19. Rdc1   Nb6   20. Bxg7 
 Bc4   21. Bd4   Bxd3+   22. Kxd3
  Nc4   23.
a4   e5  
24. Bc5+   Ke6   25. Kc3   Nd6 
 26. Kd3   Nc4   27. Ke2   Rd8
  28. Rc2  
Rac8   29. axb5   axb5   30. Ra6+ 
 Kf5   31. f3   Rd7   32. e4+
  1-0

[Event "Esbjerg Skak 100 aar 2022 - Weekend"]
[Site "Esbjerg"]
[Date "2022.10.22"]
[Round "5.2"]
[White "Pedersen, Nicolai Vesterbaek"]
[Black "Saravana, Vedant Kumar"]
[Result "1-0"]
[WhiteElo "2367"]
[BlackElo "1869"]
[EventDate "2022.10.21"]
[EventType "swiss"]
[EventRounds "7"]
[EventCountry "DEN"]

1. d4   d5   2. c4   c6 
 3. Nf3   Nf6   4. e3   e6
  5. Bd3  
Nbd7   6. O-O   Bd6   7. Nbd2 
 O-O   8. e4   e5   9. cxd5
  cxd5   10.
exd5   exd4   11. Nc4   Nc5 
 12. Nxd6   Qxd6   13. Bc4   d3
  14. b4  
Ncd7   15. Qxd3   Nb6   16. Bb3 
 Nbxd5   17. Rd1   Be6   18. Bb2
  Qxb4   19.
Bxd5   Rfd8   20. Qb3   Nxd5 
 21. Rxd5   Qxb3   22. Rxd8+   Rxd8
  23. axb3   Bxb3   24. Nd4 
 Bc4   25. Rxa7   b5   26. h4
  h5   27.
Rb7   Rd5  
28. f4   Kh7   29. Kf2   Rc5 
 30. g3   Kg8   31. Ke3   Bf1
  32. Nf3  
Rc2   33. Ng5   Re2+   34. Kd4 
 g6   35. Rxb5   Rd2+   36. Ke3
  Bxb5   37.
Kxd2   Bc4   38. Ke3   Kf8 
 39. Kd4   Ba2   40. Ke5   Ke8
  41. Ba3  
Bb3   42. Kf6   Bd5   43. Bb4 
 Bb3   44. Ne4   Kd7   45. Nc5+
  1-0

[Event "Esbjerg Skak 100 aar 2022 - Weekend"]
[Site "Esbjerg"]
[Date "2022.10.22"]
[Round "5.3"]
[White "Borsus, Bogdan"]
[Black "Easwaralingam, Adesh"]
[Result "1/2-1/2"]
[WhiteElo "2170"]
[BlackElo "2161"]
[EventDate "2022.10.21"]
[EventType "swiss"]
[EventRounds "7"]
[EventCountry "DEN"]

1. d4   Nf6   2. c4   e6 
 3. Nc3   Bb4   4. Bd2   b6
  5. e3  
Bb7   6. Nge2   O-O   7. Qc2 
 d5   8. a3   Be7   9. cxd5
  exd5   10.
g3   Nbd7  
11. Bg2   Re8   12. O-O   Nf8 
 13. Nf4   Ng6   14. Nxg6   hxg6
  15. Rfe1   Qd7   16. b4 
 c5   17. bxc5   bxc5   18. dxc5
  1/2-1/2

[Event "Esbjerg Skak 100 aar 2022 - Weekend"]
[Site "Esbjerg"]
[Date "2022.10.22"]
[Round "5.4"]
[White "Larsen, Lars Moller"]
[Black "Loftgaard, Mikkel Vinh"]
[Result "0-1"]
[WhiteElo "1933"]
[BlackElo "2091"]
[EventDate "2022.10.21"]
[EventType "swiss"]
[EventRounds "7"]
[EventCountry "DEN"]

1. d4   Nf6   2. Nf3   e6 
 3. e3   d5   4. Bd3   Bd6
  5. b3  
O-O   6. Bb2   b6   7. Nbd2 
 Bb7   8. O-O   Nbd7   9. Qe2
  Ne4   10.
c4   c5  
11. Rac1   Nxd2   12. Nxd2   Rc8 
 13. e4   cxd4   14. exd5   exd5
  15. cxd5   Rxc1   16. Rxc1 
 Nc5   17. Bb1   Bf4   18. Rd1
  Re8   19.
Qf1   Qxd5   20. Nc4   d3 
 21. Ne3   Rxe3   22. fxe3   Bxe3+
  23. Kh1  
Ne4   24. Rxd3   Ng3+   25. hxg3 
 Qh5#   0-1

[Event "Esbjerg Skak 100 aar 2022 - Weekend"]
[Site "Esbjerg"]
[Date "2022.10.22"]
[Round "5.5"]
[White "Thorsen, Adrian Stenstrop"]
[Black "Pedersen, Martin Rosenkilde"]
[Result "1/2-1/2"]
[WhiteElo "1934"]
[BlackElo "2141"]
[EventDate "2022.10.21"]
[EventType "swiss"]
[EventRounds "7"]
[EventCountry "DEN"]

1. d4   Nf6   2. Nc3   d5 
 3. Bf4   g6   4. h3   Bg7
  5. e3  
O-O   6. Nf3   c5   7. Nb5 
 Na6   8. c3   Bd7   9. a4
  c4   10.
b3   cxb3  
11. Qxb3   Qa5   12. Rc1   Rfc8 
 13. Bd3   Nb8   14. O-O   a6
  15. Na3  
b6   16. c4   Bxa4   17. Qa2 
 Nc6   18. Be2   Ne4   19. cxd5
  Nb4   20.
Qb2   Nxd5   21. Nc4   Qb5 
 22. Qa1   Qe8   23. Bd3   Nef6
  24. Bg5  
b5   25. Bxf6   bxc4   26. Bxc4 
 Rxc4   27. Rxc4   Bb5   28. Bxg7
  Bxc4   29.
Rc1   Kxg7   1/2-1/2

[Event "Esbjerg Skak 100 aar 2022 - Weekend"]
[Site "Esbjerg"]
[Date "2022.10.22"]
[Round "5.6"]
[White "Madsen, Jens Ingemann"]
[Black "Rossen, Claus"]
[Result "0-1"]
[WhiteElo "1933"]
[BlackElo "2105"]
[EventDate "2022.10.21"]
[EventType "swiss"]
[EventRounds "7"]
[EventCountry "DEN"]

1. e4   c5   2. c3   b6 
 3. d4   Bb7   4. e5   d6
  5. exd6  
Qxd6   6. dxc5   Qxd1+   7. Kxd1 
 bxc5   8. Be3   e6   9. Bb5+
  Nc6   10.
Nf3   a6  
11. Ba4   Nf6   12. Nbd2   Nd5 
 13. Re1   Nb6   14. Bc2   Rd8
  15. Ke2  
Nd5   16. Kf1   Be7   17. Nb3 
 Nxe3+   18. Rxe3   O-O   19. Rd1
  Rxd1+  
20. Bxd1   h6   21. h4   c4 
 22. Nbd2   Na5   23. Bc2   Rb8
  24. Ne5  
Bd5   25. b4   cxb3   26. axb3 
 Bxh4   27. c4   Bb7   28. Rd3
  Nc6   29.
Nd7   Rd8  
30. Nc5   Rxd3   31. Bxd3   Nb4 
 32. Be2   Bc8   33. Bf3   Be7
  34. Na4  
Bd7   35. Nc3   f5   36. g3 
 g5   37. Be2   g4   38. Nd1
  h5   39.
f4   h4  
40. Kg2   Nc2   41. Nf1  Ne1+ 0-1

[Event "Esbjerg Skak 100 aar 2022 - Weekend"]
[Site "Esbjerg"]
[Date "2022.10.22"]
[Round "5.7"]
[White "Sandmann, Villads Majvang"]
[Black "Loveid, Erik"]
[Result "0-1"]
[WhiteElo "1761"]
[BlackElo "1913"]
[EventDate "2022.10.21"]
[EventType "swiss"]
[EventRounds "7"]
[EventCountry "DEN"]

1. e4   c5   2. Nf3   e6 
 3. d4   cxd4   4. Nxd4   Nc6
  5. Nc3  
Qc7   6. Be3   a6   7. g3 
 Nf6   8. Bg2   Bb4   9. O-O
  Bxc3   10.
bxc3   Ne5   11. Bf4   d6 
 12. Bxe5   dxe5   13. Ne2   Bd7
  14. Rb1  
Bb5   15. Re1   O-O   16. Qc1 
 Rac8   17. Qb2   Rfd8   18. a4
  Bxa4   19.
Qxb7   Bxc2   20. Qxc7   Rxc7 
 21. Rb6   Bxe4   22. Bxe4   Nxe4
  23. Rxa6   Nxc3   24. Nxc3 
 Rxc3   25. Rxe5   Rc7   26. Rea5
  g6   27.
Ra8   Rxa8   28. Rxa8+   Kg7 
 29. f4   Rc2   30. Ra7   h5
  31. h4  
Kf6   32. Rb7   Rc5   33. Kg2 
 e5   34. fxe5+   Rxe5   35. Kf3
  Re7   36.
Rb6+   Kf5   37. Rb5+   Re5 
 38. Rb4   f6   39. Rb6   Rc5
  40. Rb3  
g5   41. hxg5   fxg5   42. Rb4 
 Rc3+   43. Kg2   Re3   44. Rb5+
  Re5   45.
Rb4   g4  
46. Kf2   Kg5   47. Rc4   Kf5 
 48. Rf4+   Ke6   49. Ra4   Rc5
  50. Ke3  
Kf5   51. Rf4+   Kg5   52. Ra4 
 Rf5   53. Ke2   h4   54. gxh4+
  Kxh4   55.
Ra8   Kg3  
56. Rg8   Kh3   57. Rh8+   Kg2 
 58. Ke3   g3   59. Rh7   Kg1
  60. Rg7  
g2   61. Ke2   Ra5   62. Re7 
 Rh5   63. Kf3   Kh1   64. Kg4
  Rh8   0-1

[Event "Esbjerg Skak 100 aar 2022 - Weekend"]
[Site "Esbjerg"]
[Date "2022.10.22"]
[Round "5.8"]
[White "Jensen, Lars Munk"]
[Black "Jansen, Jesper Billeskov"]
[Result "1-0"]
[WhiteElo "2116"]
[BlackElo "1906"]
[EventDate "2022.10.21"]
[EventType "swiss"]
[EventRounds "7"]
[EventCountry "DEN"]

1. c4   e5   2. g3   c6 
 3. d4   e4   4. Nc3   d5
  5. Bg2  
Bb4   6. Bd2   Nf6   7. Nxe4 
 Be7   8. cxd5   Nxe4   9. Bxe4
  cxd5   10.
Bg2   Nc6  
11. Nf3   O-O   12. O-O   Bf6 
 13. e3   Bg4   14. h3   Be6
  15. Ne1  
h5   16. Qxh5   g6   17. Qf3 
 Kg7   18. Nd3   b6   19. Nf4
  Ne7   20.
Bb4   Rh8  
21. Bxe7   Bxe7   22. Rac1   Qd7 
 23. h4   Rad8   24. Nxe6+   fxe6
  25. Rc2  
Bd6   26. Qg4   Rh5   27. Bh3 
 Rf5   28. Qe2   Rf6   29. e4
  dxe4   30.
d5   Bc5  
31. Bxe6   Qd6   32. Kg2   Qe5 
 33. Rc4   Rdf8   34. Rxe4   Rxf2+
  35. Rxf2   Rxf2+   36. Qxf2 
Qxe4+   37. Qf3   Qxf3+   38. Kxf3 
 Kf6   39. Ke4   Bf2   40. Kf4
  Bd4   41.
b3   Be5+  
42. Kf3   Bd6   43. g4   g5 
 44. h5   Bf8   45. Ke4   Bd6
  46. Bd7  
Bf8   47. a4   Bd6   48. Bc8 
 Bf8   49. Bf5   a5   50. Kd4
  Ke7   51.
Be6   Kd6  
52. Ke4   Kc5   53. Kf5   Kb4 
 54. d6   Bxd6   55. Kxg5   Be5
  56. Kf5  
Bc3   57. g5   Kc5   58. g6 
 Bg7   59. Kg5   Kd6   60. h6
  Bd4   61.
g7   1-0

[Event "Esbjerg Skak 100 aar 2022 - Weekend"]
[Site "Esbjerg"]
[Date "2022.10.23"]
[Round "6.1"]
[White "Pedersen, Nicolai Vesterbaek"]
[Black "Boe, Mads"]
[Result "1/2-1/2"]
[WhiteElo "2367"]
[BlackElo "2299"]
[EventDate "2022.10.21"]
[EventType "swiss"]
[EventRounds "7"]
[EventCountry "DEN"]

1. e4   c6   2. d4   d5 
 3. Nd2   dxe4   4. Nxe4   Bf5
  5. Ng3  
Bg6   6. h4   h6   7. Nf3 
 Nd7   8. h5   Bh7   9. Bd3
  Bxd3   10.
Qxd3   e6  
1/2-1/2

[Event "Esbjerg Skak 100 aar 2022 - Weekend"]
[Site "Esbjerg"]
[Date "2022.10.23"]
[Round "6.2"]
[White "Loftgaard, Mikkel Vinh"]
[Black "Rossen, Claus"]
[Result "1/2-1/2"]
[WhiteElo "2091"]
[BlackElo "2105"]
[EventDate "2022.10.21"]
[EventType "swiss"]
[EventRounds "7"]
[EventCountry "DEN"]

1. e4   c5   2. Nf3   Nc6 
 3. Bb5   g6   4. O-O   Bg7
  5. Re1  
e5   6. c3   Nge7   7. Na3 
 O-O   8. Nc2   d6   9. d4
  Bg4   10.
dxc5   dxc5   11. Qxd8   Raxd8 
 12. Be3   b6   13. Kf1   h6
  14. h3  
Bxf3   15. gxf3   g5   16. Ke2 
 Nb8   17. Rg1   Ng6   18. a4
  Rd6   19.
Rgd1   Rfd8   20. Rxd6   Rxd6 
 21. Rd1   1/2-1/2

[Event "Esbjerg Skak 100 aar 2022 - Weekend"]
[Site "Esbjerg"]
[Date "2022.10.23"]
[Round "6.3"]
[White "Loveid, Erik"]
[Black "Borsus, Bogdan"]
[Result "1/2-1/2"]
[WhiteElo "1913"]
[BlackElo "2170"]
[EventDate "2022.10.21"]
[EventType "swiss"]
[EventRounds "7"]
[EventCountry "DEN"]

1. d4   d5   2. c4   e6 
 3. Nf3   Nf6   4. g3   Bb4+
  5. Nbd2  
O-O   6. Bg2   c6   7. O-O 
 Nbd7   8. Qc2   b6   9. e4
  Bb7   10.
e5   Ne8  
11. a3   Be7   12. b3   Rc8 
 13. Bb2   c5   14. dxc5   bxc5
  15. cxd5   exd5   16. Qf5 
 Nc7   17. h4   Ne6   18. Rac1
  Nb6   19.
Nh2   Rc7  
20. f4   Ba6   21. Rfe1   c4 
 22. Qg4   Nc5   23. f5   f6
  24. Bf1  
fxe5   25. Bxe5   Bd6   26. Bxd6 
 Qxd6   27. bxc4   Bc8   28. cxd5
  Qxd5   29.
Bc4   Nxc4   30. Qxc4   Qxc4 
 31. Rxc4   Bxf5   32. Re5   Ne6
  33. Rxc7   Nxc7   34. g4 
 Be6   35. Ndf1   Rf4   36. Ne3
  Ra4   37.
Rc5   Rxa3   38. Rxc7   Rxe3 
 39. Rxa7   Bxg4   40. Nxg4   Rg3+
  41. Kh2  
Rxg4   42. Kh3   Rg1   43. Rb7 
 h5   44. Rb5   g6   45. Rb7
  Rf1   46.
Rc7   Rf3+   47. Kh2   Rf7 
 48. Rc3   Rf4   49. Kh3   Kg7
  50. Rd3  
Kf6   51. Rc3   Re4   52. Rf3+ 
 Ke5   53. Rg3   Kf5   54. Rg5+
  Kf6   55.
Rg3   Rf4  
56. Ra3   Kf5   57. Rg3   Rf1 
 58. Rg5+   Kf6   59. Ra5   Rf3+
  60. Kg2  
Re3   61. Rg5   Re5   62. Rg3 
 Re4   63. Kh3   Rf4   64. Rb3
  Re4   65.
Rf3+   Ke6   66. Rg3   Kf5 
 67. Rg5+   Kf6   68. Rg3   Re6
  69. Rf3+   Ke5   70. Kg3 
 Rd6   71. Ra3   Rd4   72. Re3+
  Re4   73.
Ra3   Rg4+   74. Kh3   Rd4 
 75. Rg3   Rd6   76. Rf3   Ke4
  77. Kg3  
Ra6   78. Rf4+   Ke5   79. Rf3 
 Ra4   80. Rb3   Rg4+   81. Kh3
  Rd4   82.
Rg3   Rd6  
83. Rf3   Rf6   84. Rb3   Kf4 
 85. Rb4+   Kf3   86. Rb3+   Kf2
  87. Rb2+   Kg1   88. Kg3 
 Kf1   89. Rb3   Ke2   90. Rb2+
  Ke3   91.
Rb3+   Kd4   92. Ra3   Re6 
 93. Ra4+   Ke3   94. Ra3+   Ke4
  1/2-1/2

[Event "Esbjerg Skak 100 aar 2022 - Weekend"]
[Site "Esbjerg"]
[Date "2022.10.23"]
[Round "6.4"]
[White "Zander, Emil"]
[Black "Easwaralingam, Adesh"]
[Result "1/2-1/2"]
[WhiteElo "1874"]
[BlackElo "2161"]
[EventDate "2022.10.21"]
[EventType "swiss"]
[EventRounds "7"]
[EventCountry "DEN"]

1. e4   c5   2. Nf3   e6 
 3. d4   cxd4   4. Nxd4   Nc6
  5. Nc3  
Qc7   6. Be3   a6   7. g4 
 b5   8. Qd2   Nxd4   9. Bxd4
  Bb7   10.
Bd3   Ne7  
11. O-O-O   Nc6   12. Be3   Ne5 
 13. g5   Bb4   14. f4   Nxd3+
  15. Qxd3   Bxc3   16. bxc3 
 d5   17. Qd4   O-O   18. e5
  Rac8   19.
Kb2   Qe7  
20. Rhf1   Rc4   21. Qb6   b4 
 22. Bd4   bxc3+   23. Ka1   Qa3
  24. Qb3  
Qe7   25. Rf3   Rb4   26. Qxc3 
 Rc8   1/2-1/2